|
|
|
|
| LEADER |
01787nam a2200397 a 4500 |
| 001 |
34954 |
| 003 |
BD-DhAAL |
| 005 |
20190729160406.0 |
| 008 |
190429r20001964nyu 000 0 eng |
| 999 |
|
|
|c 40861
|d 40861
|
| 010 |
|
|
|a 2006103181
|
| 020 |
|
|
|a 9780141184845
|
| 020 |
|
|
|a 9780811216999 (alk. paper)
|
| 020 |
|
|
|a 0811216993 (alk. paper)
|
| 035 |
|
|
|a (OCoLC)ocm86115639
|
| 035 |
|
|
|a (OCoLC)86115639
|
| 040 |
|
|
|a DLC
|c DLC
|d YDX
|d BAKER
|d IEF
|d BTCTA
|d YDXCP
|d DLC
|d BD-DhAAL
|
| 041 |
1 |
|
|a eng
|h spa
|
| 050 |
0 |
0 |
|a PQ7797.B635
|b A2 2007
|
| 082 |
0 |
0 |
|a 868.6209
|2 22
|
| 100 |
1 |
|
|a Borges, Jorge Luis,
|d 1899-1986.
|9 33244
|
| 240 |
1 |
0 |
|a Works.
|k Selections.
|l English.
|f 2000
|
| 245 |
1 |
0 |
|a Labyrinths :
|b selected stories & other writings /
|c Jorge Louis Borges ; edited by Donald A. Yates & James E. Irby ; with an invitation by William Gibson.
|
| 260 |
|
|
|a New York ;
|a London :
|b New Directions;
|b Penguin Books,
|c 1964 [reprinted 2000]
|
| 300 |
|
|
|a xxiii, 287 pages ;
|c 21 cm.
|
| 490 |
|
|
|a New Directions paperbook ;
|v 1066
|
| 500 |
|
|
|a "This volume was first published clothbound by New Directions in 1962; it was issued in an augmented edition as New Directions Paperbook 186 in 1964."--T.p. verso.
|
| 526 |
|
|
|a ENH
|
| 541 |
|
|
|a Karim International
|e 34954
|
| 600 |
1 |
0 |
|a Borges, Jorge Luis,
|d 1899-1986
|v Translations into English.
|9 33245
|
| 651 |
|
|
|a Argentina
|x Social life and customs
|v Fiction
|9 33246
|
| 700 |
1 |
|
|a Yates, Donald A.
|9 33247
|
| 700 |
1 |
|
|a Irby, James East,
|d 1931-
|9 33248
|
| 852 |
|
|
|a Ayesha Abed Library
|c General Stacks
|
| 942 |
|
|
|2 ddc
|c BK
|
| 952 |
|
|
|0 0
|1 0
|2 ddc
|4 0
|6 868_620900000000000_BOR
|7 0
|9 65809
|a BRACUL
|b BRACUL
|c GEN
|d 2019-07-22
|e Karim International
|g 780.00
|l 4
|m 54
|o 868.6209 BOR
|p 3010034954
|q 2026-02-26
|r 2025-04-15
|s 2025-04-15
|t 1
|v 780.00
|w 2019-07-22
|y BK
|